| 000 | 00550nam a2200181 a 4500 | ||
|---|---|---|---|
| 005 | 20140412111243.0 | ||
| 008 | 020411s19uu xx 00 eng d | ||
| 020 | _a1-86136-013-4 | ||
| 050 |
_aER _bPi57 1996 |
||
| 100 | _aKeay, Kenneth | ||
| 245 |
_aThe pied piper / _cstory re-told by Kenneth Keay; illustrated b Darren Isaac. |
||
| 260 |
_a[s.l.] : _bAnker International Plc, _c1996. |
||
| 300 | _a1 v. (unp.) ; ill. | ||
| 440 | _aA Tale From the Land of Nod. . . | ||
| 650 |
_aChildren stories _xFiction |
||
| 999 |
_c102819 _d102819 |
||